[Event "Portuguese Masters"]
[Site "Aveiro"]
[Date "2023.12.16"]
[Round "1"]
[White "Ribeiro, Gustavo"]
[Black "Dias, Ricardo Pedro Cruz"]
[Result "1-0"]
[WhiteElo "2187"]
[BlackElo "2189"]
[PlyCount "103"]
[EventDate "2023.12.16"]
[EventType "tourn"]
[EventRounds "9"]
[EventCountry "POR"]
[SourceTitle "CB52_2023"]
[SourceDate "2023.12.27"]
[SourceVersion "1"]
[SourceVersionDate "2023.12.27"]
[SourceQuality "1"]

1. e4 e5 2. Nf3 Nc6 3. Bc4 Bc5 4. 0-0 Nf6 5. d3 a6 6. a4 Ba7 7. c3 h6 8. Re1 0-0 9. Nbd2 d6 10. Nf1 Re8 11. Ng3 Be6 12. Be3 Bxe3 13. Rxe3 d5 14. exd5 Nxd5 15. Re1 Nf4 16. Nxe5 Nxe5 17. Rxe5 Bxc4 18. Rxe8+ Qxe8 19. dxc4 Qc6 20. Qf1 Rd8 21. Ne2 Qxc4 22. Nxf4 Qxf4 23. Rd1 Rd2 24. g3 Qd6 25. Rxd2 Qxd2 26. Qb1 g6 27. Qe4 Qxb2 28. Qe8+ Kg7 29. Qe5+ Kh7 30. Qxc7 Qb1+ 31. Kg2 Qe4+ 32. Kg1 Kg7 33. a5 g5 34. Kf1 g4 35. Qf4 Qd3+ 36. Kg2 Qd5+ 37. Kf1 Qxa5 38. Qxg4+ Qg5 39. Qd4+ Qf6 40. Qg4+ Qg6 41. Qd4+ Kh7 42. Ke2 a5 43. Kd2 b6 44. h4 Qc6 45. Qd3+ Kg7 46. Qd4+ Qf6 47. g4 b5 48. f4 b4 49. Qxf6+ Kxf6 50. g5+ hxg5 51. fxg5+ Kf5 52. c4 1-0

[Event "London IM"]
[Site "London"]
[Date "2023.12.06"]
[Round "4"]
[White "Large, Peter G"]
[Black "Ribeiro, Gustavo"]
[Result "1-0"]
[WhiteElo "2273"]
[BlackElo "2187"]
[PlyCount "121"]
[EventDate "2023.12.05"]
[EventType "tourn"]
[EventRounds "9"]
[EventCountry "ENG"]
[SourceTitle "CB50_2023"]
[SourceDate "2023.12.13"]
[SourceVersion "1"]
[SourceVersionDate "2023.12.13"]
[SourceQuality "1"]
[WhiteTeam "GM/IM Team"]
[BlackTeam "Norm Seeker III"]
[WhiteTeamCountry "ENG"]
[BlackTeamCountry "ENG"]

1. e4 c5 2. Nc3 Nc6 3. Bb5 g6 4. Bxc6 bxc6 5. f4 Bg7 6. Nf3 d5 7. d3 Bxc3+ 8. bxc3 dxe4 9. dxe4 Qxd1+ 10. Kxd1 Nf6 11. Re1 Bg4 12. h3 0-0-0+ 13. Ke2 Bxf3+ 14. gxf3 Nd7 15. Be3 c4 16. Rab1 a5 17. Red1 c5 18. Rd5 e6 19. Rd6 Kc7 20. Rbd1 Rhe8 21. Bf2 f6 22. Be3 h6 23. h4 f5 24. Ra6 Ra8 25. Rxa8 Rxa8 26. Rg1 Rg8 27. h5 Kd6 28. hxg6 Ke7 29. Bf2 Rg7 30. Kd2 Ke8 31. exf5 exf5 32. Re1+ Kd8 33. Re6 h5 34. Rc6 Nf8 35. Rxc5 Nxg6 36. Rxf5 h4 37. Rh5 h3 38. Rxh3 Nxf4 39. Rh4 Rd7+ 40. Bd4 Nd5 41. Rh8+ Ke7 42. Ra8 Ke6 43. Rxa5 Rh7 44. Ra6+ Kf5 45. Rd6 Nf4 46. Rf6+ Kg5 47. Rc6 Rh2+ 48. Kc1 Ne2+ 49. Kb2 Kf4 50. a4 Kxf3 51. a5 Nf4 52. a6 Nd3+ 53. Ka3 Rh1 54. Ka4 Ke4 55. a7 Kd5 56. Rc8 Ra1+ 57. Kb5 Rb1+ 58. Ka6 Ra1+ 59. Kb7 Ne1 60. Rd8+ Ke6 61. Re8+ 1-0

[Event "Maia op 7th"]
[Site "Maia"]
[Date "2023.08.30"]
[Round "6"]
[White "Ribeiro, Gustavo"]
[Black "Garrido Outon, Alex"]
[Result "0-1"]
[WhiteElo "2013"]
[BlackElo "2398"]
[PlyCount "70"]
[EventDate "2023.08.25"]
[EventType "swiss"]
[EventRounds "9"]
[EventCountry "POR"]
[SourceTitle "EXT 2024"]
[Source "ChessBase"]
[SourceDate "2023.10.10"]
[SourceVersion "1"]
[SourceVersionDate "2023.10.10"]
[SourceQuality "1"]

1. c4 e6 2. g3 d5 3. Bg2 Nf6 4. d4 Be7 5. Nf3 0-0 6. 0-0 c6 7. Nbd2 b6 8. Qc2 Bb7 9. Rd1 Na6 10. Ne5 c5 11. Nb3 Qc7 12. Bf4 Bd6 13. cxd5 Nxd5 14. Nd3 Bxf4 15. Bxd5 Bxg3 16. Bxb7 Bxh2+ 17. Kh1 Qxb7+ 18. Kxh2 Qc7+ 19. Ne5 f6 20. Qc4 fxe5 21. Qxe6+ Kh8 22. d5 Rxf2+ 23. Kg1 Rf6 24. d6 Rxe6 25. dxc7 Nxc7 26. Rd7 Rg6+ 27. Kf2 Ne6 28. Ke3 Rg3+ 29. Ke4 c4 30. Kxe5 Re3+ 31. Kd5 cxb3 32. axb3 a5 33. Rd6 Nf4+ 34. Kc6 Rae8 35. Kxb6 Rxb3+ 0-1

[Event "Maia op 7th"]
[Site "Maia"]
[Date "2023.08.28"]
[Round "4"]
[White "Ribeiro, Gustavo"]
[Black "Veiga, Jose Francisco RP"]
[Result "1/2-1/2"]
[WhiteElo "2013"]
[BlackElo "2389"]
[PlyCount "190"]
[EventDate "2023.08.25"]
[EventType "swiss"]
[EventRounds "9"]
[EventCountry "POR"]
[SourceTitle "EXT 2024"]
[Source "ChessBase"]
[SourceDate "2023.10.10"]
[SourceVersion "1"]
[SourceVersionDate "2023.10.10"]
[SourceQuality "1"]

1. e4 c5 2. Nf3 d6 3. c3 Nf6 4. Qc2 Bg4 5. d4 Bxf3 6. gxf3 e6 7. Bb5+ Nbd7 8. dxc5 dxc5 9. Bg5 a6 10. Bxd7+ Qxd7 11. Nd2 h6 12. Be3 0-0-0 13. 0-0-0 Be7 14. Bf4 Nh5 15. Be5 Bg5 16. h4 Bxd2+ 17. Rxd2 Qxd2+ 18. Qxd2 Rxd2 19. Kxd2 f6 20. Bg3 e5 21. Kd3 Rd8+ 22. Ke3 c4 23. Rc1 b5 24. a4 Kb7 25. axb5 axb5 26. Ra1 Kb6 27. Ke2 Rd7 28. Ke3 Rd8 29. Ke2 Rd6 30. Ra8 Kb7 31. Re8 Ra6 32. Ke3 Ra2 33. Bxe5 fxe5 34. Rxe5 Nf6 35. Rxb5+ Kc6 36. Rb4 Kc5 37. Rb7 Ne8 38. e5 g5 39. hxg5 hxg5 40. f4 gxf4+ 41. Kxf4 Ra5 42. Re7 Ra8 43. Ke4 Rc8 44. f4 Nc7 45. f5 Nd5 46. Rd7 Nb6 47. Rd2 Rh8 48. e6 Rh1 49. Ke5 Re1+ 50. Kf6 Nd5+ 51. Kf7 Rf1 52. e7 Rxf5+ 53. Ke6 Nxe7 54. Kxe7 Re5+ 55. Kf6 Re1 56. Kf5 Re8 57. Kf4 Rf8+ 58. Ke3 Re8+ 59. Kf2 Rf8+ 60. Ke1 Re8+ 61. Re2 Rd8 62. Re5+ Kc6 63. Kf2 Rd2+ 64. Re2 Rd3 65. Ke1 Kc5 66. Rc2 Kb5 67. Rd2 Re3+ 68. Kd1 Kc5 69. Rd8 Rh3 70. Kc2 Rh1 71. Rd2 Rg1 72. Rh2 Rf1 73. Kd2 Rf8 74. Rg2 Re8 75. Rf2 Re7 76. Re2 Rd7+ 77. Kc2 Rh7 78. Kb1 Ra7 79. Re8 Ra6 80. Rc8+ Kd5 81. Rc7 Ra8 82. Kc2 Rh8 83. b4 cxb3+ 84. Kxb3 Rb8+ 85. Ka4 Kd6 86. Rc4 Kd5 87. Rb4 Ra8+ 88. Kb5 Rb8+ 89. Ka6 Rc8 90. Rd4+ Kc5 91. Kb7 Rh8 92. Rd7 Rh4 93. Rc7+ Kb5 94. c4+ Rxc4 95. Rxc4 Kxc4 1/2-1/2

[Event "Maia op 7th"]
[Site "Maia"]
[Date "2023.08.26"]
[Round "2"]
[White "Ribeiro, Gustavo"]
[Black "Karsay, Pascal"]
[Result "1-0"]
[WhiteElo "2013"]
[BlackElo "2319"]
[PlyCount "97"]
[EventDate "2023.08.25"]
[EventType "swiss"]
[EventRounds "9"]
[EventCountry "POR"]
[SourceTitle "EXT 2024"]
[Source "ChessBase"]
[SourceDate "2023.10.10"]
[SourceVersion "1"]
[SourceVersionDate "2023.10.10"]
[SourceQuality "1"]

1. e4 c6 2. d4 d5 3. f3 dxe4 4. fxe4 e5 5. Nf3 Bg4 6. Bc4 Nd7 7. 0-0 Ngf6 8. c3 Bd6 9. Qb3 0-0 10. Qxb7 Bxf3 11. Rxf3 exd4 12. cxd4 Ng4 13. h3 Nc5 14. Qxc6 Rc8 15. Qd5 Nf6 16. Rxf6 Qxf6 17. e5 Qh4 18. Nc3 Be7 19. Be3 Ne6 20. Bf2 Qg5 21. Bb3 Rfd8 22. Qf3 Qd2 23. Qe2 Rxd4 24. Bxd4 Qxd4+ 25. Kh1 Rc5 26. Bxe6 fxe6 27. Re1 Bh4 28. Qe4 Qxe4 29. Rxe4 Bg3 30. Kg1 Kf7 31. Rb4 a5 32. Rb5 Rxb5 33. Nxb5 Bxe5 34. b3 Ke7 35. Kf2 Kd7 36. Ke3 Kc6 37. Na3 Kd5 38. Nc4 Bc7 39. Kd3 Bd8 40. a3 Kc5 41. Ke4 Bc7 42. Nxa5 Kb5 43. Nc4 Kc5 44. Nb2 Bd6 45. Nd3+ Kb5 46. a4+ Ka5 47. Kd4 Bb8 48. Kc4 Bd6 49. Nc5 1-0

[Event "Leca da Palmeira 2nd"]
[Site "Leca da Palmeira"]
[Date "2023.08.01"]
[Round "3"]
[White "Ribeiro, Gustavo"]
[Black "Prie, Eric"]
[Result "0-1"]
[WhiteElo "1876"]
[BlackElo "2353"]
[PlyCount "40"]
[EventDate "2023.07.31"]
[EventType "swiss"]
[EventRounds "9"]
[EventCountry "POR"]
[SourceTitle "CBM 215 Extra"]
[Source "ChessBase"]
[SourceDate "2023.09.30"]
[SourceVersion "1"]
[SourceVersionDate "2023.09.30"]
[SourceQuality "1"]

1. e4 d5 2. exd5 Qxd5 3. Nc3 Qa5 4. d4 Nf6 5. Bc4 Bg4 6. Nf3 Nc6 7. h3 Bh5 8. g4 Bg6 9. Bd2 0-0-0 10. Nd5 Qa4 11. Bb3 Qa6 12. Nb4 Nxb4 13. Bxb4 Be4 14. Qe2 e5 15. Bxf8 Rhxf8 16. dxe5 Qc6 17. Nd2 Bxh1 18. 0-0-0 Ne4 19. Nc4 Rxd1+ 20. Qxd1 Nc5 0-1

[Event "Famalicao op 10th"]
[Site "Vila Nova de Famalicao"]
[Date "2023.07.25"]
[Round "4"]
[White "Pein, Malcolm"]
[Black "Ribeiro, Gustavo"]
[Result "0-1"]
[WhiteElo "2303"]
[BlackElo "1876"]
[PlyCount "56"]
[EventDate "2023.07.24"]
[EventType "swiss"]
[EventRounds "9"]
[EventCountry "POR"]
[SourceTitle "EXT 2024"]
[Source "ChessBase"]
[SourceDate "2023.10.10"]
[SourceVersion "1"]
[SourceVersionDate "2023.10.10"]
[SourceQuality "1"]

1. Nf3 d5 2. c4 d4 3. b4 Bg4 4. Qb3 Nf6 5. Bb2 Bxf3 6. Qxf3 c6 7. g3 e5 8. Qb3 Nbd7 9. Bg2 a5 10. a3 Qb6 11. f4 axb4 12. fxe5 Nxe5 13. 0-0 Nfd7 14. Rf4 Bc5 15. axb4 Rxa1 16. Bxa1 0-0 17. d3 Ng6 18. Rf1 Bxb4 19. Na3 Bxa3 20. Qxa3 Re8 21. Qd6 Qd8 22. Qxd4 f6 23. Rb1 Rxe2 24. Rxb7 Nge5 25. Bc3 Qc8 26. Rb2 Rxb2 27. Bxb2 Qa6 28. Qc3 Qb6+ 0-1

[Event "POR-chT"]
[Site "Sao Joao da Madeira"]
[Date "2023.07.20"]
[Round "6.5"]
[White "Ribeiro, Gustavo"]
[Black "Fedorchuk, Sergey A"]
[Result "0-1"]
[WhiteElo "1876"]
[BlackElo "2589"]
[PlyCount "54"]
[EventDate "2023.07.17"]
[EventType "team-tourn"]
[EventRounds "9"]
[EventCountry "POR"]
[SourceTitle "CBM 215 Extra"]
[Source "ChessBase"]
[SourceDate "2023.09.30"]
[SourceVersion "1"]
[SourceVersionDate "2023.09.30"]
[SourceQuality "1"]
[WhiteTeam "Tessera"]
[BlackTeam "Gaia"]
[WhiteTeamCountry "POR"]
[BlackTeamCountry "POR"]

1. c4 e5 2. Nc3 Bb4 3. g3 Bxc3 4. bxc3 d6 5. Bg2 c5 6. d4 Qc7 7. Rb1 Ne7 8. Qa4+ Nd7 9. dxc5 dxc5 10. Ba3 0-0 11. e3 f5 12. Ne2 Rf6 13. 0-0 Rb8 14. Bd5+ Kh8 15. Rfd1 Ra6 16. Qb3 Nf6 17. Nc1 Bd7 18. Qb2 Qa5 19. Bb4 cxb4 20. cxb4 Qc7 21. Nd3 Nexd5 22. cxd5 Re8 23. Rbc1 Qb8 24. f4 exf4 25. exf4 Nxd5 26. Nc5 Rd6 27. Qb3 Nf6 0-1

[Event "POR-chT"]
[Site "Sao Joao da Madeira"]
[Date "2023.07.18"]
[Round "2.3"]
[White "Ribeiro, Gustavo"]
[Black "Martins, Bruno Andre Leite"]
[Result "0-1"]
[WhiteElo "1876"]
[BlackElo "2342"]
[PlyCount "108"]
[EventDate "2023.07.17"]
[EventType "team-tourn"]
[EventRounds "9"]
[EventCountry "POR"]
[SourceTitle "CBM 215 Extra"]
[Source "ChessBase"]
[SourceDate "2023.09.30"]
[SourceVersion "1"]
[SourceVersionDate "2023.09.30"]
[SourceQuality "1"]
[WhiteTeam "Tessera"]
[BlackTeam "Montemor o Novo"]
[WhiteTeamCountry "POR"]
[BlackTeamCountry "POR"]

1. d4 Nf6 2. Nf3 e6 3. e3 d5 4. Bd3 c5 5. b3 Be7 6. Bb2 0-0 7. Nbd2 b6 8. Ne5 Bb7 9. Qf3 Nc6 10. a3 Qc7 11. Qh3 h6 12. Ndf3 Ne4 13. 0-0 Bd6 14. Rac1 Qe7 15. Nxc6 Bxc6 16. Bxe4 dxe4 17. dxc5 Bxc5 18. Ne5 Bb7 19. Qg3 Qc7 20. Nd7 Qxg3 21. hxg3 Rfc8 22. Nxc5 bxc5 23. Rfd1 a5 24. Bc3 Bd5 25. g4 f6 26. Kh2 Ra7 27. Kg3 Kf7 28. f3 a4 29. b4 Rac7 30. Rd2 g5 31. bxc5 Rxc5 32. Bb4 Rc4 33. c3 Kg6 34. Kf2 f5 35. gxf5+ Kxf5 36. Rh1 Kg6 37. Rc2 R8c7 38. Ke2 exf3+ 39. gxf3 g4 40. Rg1 Bxf3+ 41. Kf2 Rd7 42. Kg3 Rd3 43. Re1 h5 44. Kh4 Be4 45. Rf2 Bf5 46. Kg3 Re4 47. Rfe2 Rd7 48. Rc1 Kg5 49. Rh1 Rd3 50. Kf2 Rxb4 51. axb4 h4 52. b5 g3+ 53. Ke1 Bg4 54. Rb2 Rd1# 0-1

[Event "EU-ch Blitz"]
[Site "Katowice"]
[Date "2022.12.16"]
[Round "19"]
[White "Koziorowicz, Michal"]
[Black "Ribeiro, Gustavo"]
[Result "0-1"]
[WhiteElo "2348"]
[BlackElo "1836"]
[PlyCount "78"]
[EventDate "2022.12.16"]
[EventType "swiss (blitz)"]
[EventRounds "22"]
[EventCountry "POL"]
[SourceTitle "CBM 211 Extra"]
[Source "ChessBase"]
[SourceDate "2023.01.31"]
[SourceVersion "1"]
[SourceVersionDate "2023.01.31"]
[SourceQuality "1"]

1. e4 c5 2. Nf3 Nc6 3. Bb5 Qb6 4. Nc3 Nd4 5. Bd3 Nxf3+ 6. Qxf3 d6 7. Nd5 Qd8 8. Bb5+ Bd7 9. Bxd7+ Qxd7 10. c4 e6 11. Nc3 Nf6 12. 0-0 Be7 13. Rd1 0-0 14. b3 e5 15. d3 Ne8 16. Qf5 Rd8 17. Nd5 Nc7 18. Qxd7 Rxd7 19. Nxc7 Rxc7 20. f4 exf4 21. Bxf4 Rd7 22. Re1 Bf6 23. Rad1 Bd4+ 24. Be3 Bxe3+ 25. Rxe3 Re7 26. d4 Rfe8 27. dxc5 dxc5 28. Rd5 b6 29. Kf2 f6 30. Kf3 Kf7 31. g4 Re5 32. h4 g6 33. g5 Ke6 34. Red3 fxg5 35. Rd7 Kf6 36. hxg5+ Kxg5 37. R3d5 h5 38. Rxa7 h4 39. Rh7 Rf8+ 0-1

[Event "EU-ch Blitz"]
[Site "Katowice"]
[Date "2022.12.16"]
[Round "22"]
[White "Maltsevskaya, Aleksandra"]
[Black "Ribeiro, Gustavo"]
[Result "1-0"]
[WhiteElo "2400"]
[BlackElo "1836"]
[PlyCount "79"]
[EventDate "2022.12.16"]
[EventType "swiss (blitz)"]
[EventRounds "22"]
[EventCountry "POL"]
[SourceTitle "CBM 211 Extra"]
[Source "ChessBase"]
[SourceDate "2023.01.31"]
[SourceVersion "1"]
[SourceVersionDate "2023.01.31"]
[SourceQuality "1"]

1. e4 c5 2. Nf3 Nc6 3. d4 cxd4 4. Nxd4 g6 5. Nc3 Bg7 6. Be3 d6 7. h3 Nf6 8. Bc4 0-0 9. Bb3 Bd7 10. 0-0 Nxd4 11. Bxd4 Bc6 12. Qd3 Rc8 13. Rad1 Qa5 14. a3 Rfd8 15. Kh1 e6 16. Qf3 Qg5 17. Bxa7 d5 18. exd5 Nxd5 19. Nxd5 Rxd5 20. Bxd5 Bxd5 21. Rxd5 exd5 22. Be3 Qe5 23. c3 Qe6 24. Rd1 Rd8 25. h4 Rd7 26. g3 h5 27. Kg2 Bf6 28. Bd4 Bxd4 29. Rxd4 Qb6 30. b4 Qc7 31. Rxd5 Rxd5 32. Qxd5 Qxc3 33. Qxb7 Qxa3 34. b5 Qc5 35. Qc6 Qb4 36. b6 Kg7 37. b7 Kh7 38. Qc7 Qe4+ 39. Kh2 Qf3 40. Qb6 1-0

[Event "EU-ch Blitz"]
[Site "Katowice"]
[Date "2022.12.16"]
[Round "14"]
[White "Pein, Jonathan"]
[Black "Ribeiro, Gustavo"]
[Result "0-1"]
[WhiteElo "2252"]
[BlackElo "1836"]
[PlyCount "54"]
[EventDate "2022.12.16"]
[EventType "swiss (blitz)"]
[EventRounds "22"]
[EventCountry "POL"]
[SourceTitle "CBM 211 Extra"]
[Source "ChessBase"]
[SourceDate "2023.01.31"]
[SourceVersion "1"]
[SourceVersionDate "2023.01.31"]
[SourceQuality "1"]

1. e4 c5 2. g3 g6 3. Bg2 Bg7 4. Ne2 Nc6 5. 0-0 d6 6. c3 e5 7. a3 Bg4 8. h3 Be6 9. b4 Qd7 10. Kh2 Nge7 11. d3 0-0 12. Be3 cxb4 13. axb4 f5 14. f4 exf4 15. Nxf4 fxe4 16. Nxe6 Qxe6 17. Bxe4 d5 18. Bg2 Qxe3 19. Re1 Qg5 20. Nd2 Be5 21. Nf1 Rxf1 22. Rxf1 Qxg3+ 23. Kg1 Qh2+ 24. Kf2 Rf8+ 25. Ke3 d4+ 26. cxd4 Bxd4+ 27. Ke4 Qe5# 0-1